Red Moon - WWATTW Lyric quiz - Statistics

General Stats
  • This quiz has been taken 9 times
  • The average score is 221 of 324
Answer Stats
Answer % Correct
Moon
100%
moon
100%
on
100%
Red
100%
red
100%
so
100%
the
100%
a
83%
around
83%
as
83%
every
83%
I
83%
i
83%
in
83%
it
83%
Keep
83%
light
83%
make
83%
me
83%
might
83%
my
83%
once
83%
only
83%
Rising
83%
teach
83%
to
83%
turn
83%
well
83%
you
83%
your
83%
air
67%
and
67%
assume
67%
behind
67%
but
67%
chasing
67%
close
67%
do
67%
drunk
67%
equator
67%
get
67%
horizon
67%
Im
67%
is
67%
know
67%
little
67%
moonshine
67%
or
67%
orbits
67%
remember
67%
rhythm
67%
sky
67%
soon
67%
spirits
67%
sunset
67%
that
67%
walk
67%
what
67%
youre
67%
between
50%
bleed
50%
born
50%
chest
50%
corner
50%
deride
50%
eyes
50%
face
50%
feet
50%
hide
50%
if
50%
indeed
50%
man
50%
matters
50%
mist
50%
out
50%
please
50%
rests
50%
sea
50%
space
50%
stare
50%
stolen
50%
then
50%
tide
50%
watch
50%
watercolor
50%
waxing
50%
west
50%
where
50%
while
50%
why
50%
will
50%
wont
50%
youve
50%
are
33%
astounds
33%
been
33%
cant
33%
constellations
33%
crack
33%
crescent
33%
endlessly
33%
form
33%
gravity
33%
hiding
33%
nighttime
33%
of
33%
perfection
33%
pools
33%
projecting
33%
reject
33%
shadows
33%
slight
33%
take
33%
tell
33%
tethered
33%
there
33%
truth
33%
up
33%
about
17%
break
17%
cause
17%
holding
17%
infinite
17%
nightmare
17%
paisleys
17%
pulled
17%
reflect
17%
signs
17%
towards
17%
when
17%
changing
0%
condensation
0%
cosmos
0%
down
0%
erases
0%
high
0%
just
0%
map
0%
putting
0%
sight
0%
still
0%
stranger
0%
tumbles
0%
writing
0%
No matching quizzes found
Score Distribution
Percent of People with Each Score
Percentile by Number Answered
Your Score History
You have not taken this quiz